|
|
|
|
| LEADER |
00817nam a22001937a 4500 |
| 008 |
150115b xxu||||| |||| 00| 0 eng d |
| 020 |
|
|
|a 9780000170781
|
| 082 |
|
|
|a 928.941 MAT
|
| 100 |
|
|
|a മാത്യു, മണര്കാട്
|
| 240 |
|
|
|a Thakazhiyum Basheerum koodikkazhchakalil
|
| 245 |
|
|
|a തകഴിയും ബഷീറും /
|c മണര്കാട് മാത്യു
|
| 250 |
|
|
|a 1st ed.
|
| 260 |
|
|
|a കോട്ടയം :
|b സാഹിത്യപ്രവര്ത്തക സഹകരണസംഘം,
|c 2010.
|
| 300 |
|
|
|a 85p.
|
| 650 |
|
|
|a Memoirs
|
| 700 |
|
|
|a Mathew, Manarkad
|
| 942 |
|
|
|2 ddc
|c BK
|
| 999 |
|
|
|c 9715
|d 9715
|
| 952 |
|
|
|0 0
|1 0
|2 ddc
|4 0
|6 928_941000000000000_MAT
|7 0
|9 13699
|a MAIN
|b MAIN
|d 2015-01-15
|e National Book Stall
|g 60.00
|o 928.941 MAT
|p 13792
|r 2015-01-15
|t 1
|w 2015-01-15
|y BK
|